[Event "Campeonato España Sub 12"]
[Site "Salobreña"]
[Date "2017.07.14"]
[Round "7"]
[White "Periotto Miori, Lautaro"]
[Black "Lorente Serrano, Rosa Adela"]
[Result "1-0"]
[Board "21"]
[WhiteElo "1332"]
[WhiteCountry "ESP"]
[WhiteFideId "24516511"]
[WhiteEloChange "16"]
[BlackElo "1596"]
[BlackCountry "ESP"]
[BlackFideId "32091982"]
[BlackEloChange "-16"]

1. e4 {[%clk 1:30:30]} e5 {[%clk 1:30:30]} 2. Nf3 {[%clk 1:30:30]} Nc6 {[%clk
1:30:30]} 3. Bc4 {[%clk 1:30:30]} Bc5 {[%clk 1:30:30]} 4. d3 {[%clk 1:30:30]} Nf6
{[%clk 1:30:30]} 5. c3 {[%clk 1:30:30]} O-O {[%clk 1:30:30]} 6. O-O {[%clk
1:30:30]} d5 {[%clk 1:30:30]} 7. exd5 {[%clk 1:30:30]} Nxd5 {[%clk 1:30:30]} 8.
Re1 {[%clk 1:30:30]} Bg4 {[%clk 1:30:30]} 9. Nbd2 {[%clk 1:30:30]} Nb6 {[%clk
1:30:30]} 10. b4 {[%clk 1:30:30]} Be7 {[%clk 1:30:30]} 11. h3 {[%clk 1:30:30]}
Bh5 {[%clk 1:30:30]} 12. Qe2 {[%clk 1:30:30]} a6 {[%clk 1:30:30]} 13. Bb3 {[%clk
1:30:30]} Qd7 {[%clk 1:30:30]} 14. Qe3 {[%clk 1:30:30]} Bg6 {[%clk 1:30:30]} 15.
Nxe5 {[%clk 1:30:30]} Nxe5 {[%clk 1:30:30]} 16. Qxe5 {[%clk 1:30:30]} Bf6 {[%clk
1:30:30]} 17. Qc5 {[%clk 1:30:30]} Qxd3 {[%clk 1:30:30]} 18. Re3 {[%clk 1:30:30]}
Qd7 {[%clk 1:30:30]} 19. Nf3 {[%clk 1:30:30]} Na4 {[%clk 1:30:30]} 20. Qc4 {[%clk
1:30:30]} b5 {[%clk 1:30:30]} 21. Bxa4 {[%clk 1:30:30]} bxa4 {[%clk 1:30:30]} 22.
Qf1 {[%clk 1:30:30]} a5 {[%clk 1:30:30]} 23. bxa5 {[%clk 1:30:30]} Rxa5 {[%clk
1:30:30]} 24. Ba3 {[%clk 1:30:30]} Rd8 {[%clk 1:30:30]} 25. Qe1 {[%clk 1:30:30]}
h6 {[%clk 1:30:30]} 26. Be7 {[%clk 1:30:30]} Bxe7 {[%clk 1:30:30]} 27. Rxe7
{[%clk 1:30:30]} Qc6 {[%clk 1:30:30]} 28. Ne5 {[%clk 1:30:30]} Qb5 {[%clk
1:30:30]} 29. Nxg6 {[%clk 1:30:30]} fxg6 {[%clk 1:30:30]} 30. Qe6+ {[%clk
1:30:30]} Kh7 {[%clk 1:30:30]} 31. Rxg7+ {[%clk 1:30:30]} Kxg7 {[%clk 1:30:30]}
32. Qe7+ {[%clk 1:30:30]} Kg8 {[%clk 1:30:30]} 33. Qxd8+ {[%clk 1:30:30]} Kf7
{[%clk 1:30:30]} 34. Qxc7+ {[%clk 1:30:30]} Kf6 {[%clk 1:30:30]} 35. Qd6+ {[%clk
1:30:30]} Kg5 {[%clk 1:30:30]} 36. Qe7+ {[%clk 1:30:30]} Kh5 {[%clk 1:30:30]} 37.
g4# {[%clk 1:30:30]} 1-0

[Event "Campeonato España Sub 12"]
[Site "Salobreña"]
[Date "2017.07.14"]
[Round "7"]
[White "Rivero Castellano, Carlos Jesus"]
[Black "Mendoza Barcia, Pedro"]
[Result "1/2-1/2"]
[Board "22"]
[WhiteElo "1263"]
[WhiteCountry "ESP"]
[WhiteFideId "24562491"]
[WhiteEloChange "8"]
[BlackElo "1743"]
[BlackCountry "ESP"]
[BlackFideId "32055641"]
[BlackEloChange "-8"]

1. e4 {[%clk 1:30:30]} c5 {[%clk 1:30:30]} 2. Nf3 {[%clk 1:30:30]} e6 {[%clk
1:30:30]} 3. Nc3 {[%clk 1:30:30]} Nc6 {[%clk 1:30:30]} 4. Bc4 {[%clk 1:30:30]} a6
{[%clk 1:30:30]} 5. a4 {[%clk 1:30:30]} Nf6 {[%clk 1:30:30]} 6. Qe2 {[%clk
1:30:30]} Be7 {[%clk 1:30:30]} 7. O-O {[%clk 1:30:30]} O-O {[%clk 1:30:30]} 8. d3
{[%clk 1:30:30]} d5 {[%clk 1:30:30]} 9. Bb3 {[%clk 1:30:30]} dxe4 {[%clk
1:30:30]} 10. dxe4 {[%clk 1:30:30]} Nd4 {[%clk 1:30:30]} 11. Nxd4 {[%clk
1:30:30]} cxd4 {[%clk 1:30:30]} 12. Nb1 {[%clk 1:30:30]} b6 {[%clk 1:30:30]} 13.
Rd1 {[%clk 1:30:30]} e5 {[%clk 1:30:30]} 14. c3 {[%clk 1:30:30]} Bb7 {[%clk
1:30:30]} 15. Bc2 {[%clk 1:30:30]} Rc8 {[%clk 1:30:30]} 16. Bd3 {[%clk 1:30:30]}
a5 {[%clk 1:30:30]} 17. cxd4 {[%clk 1:30:30]} exd4 {[%clk 1:30:30]} 18. Nd2
{[%clk 1:30:30]} Qc7 {[%clk 1:30:30]} 19. Nf3 {[%clk 1:30:30]} Bc5 {[%clk
1:30:30]} 20. Bg5 {[%clk 1:30:30]} Nd7 {[%clk 1:30:30]} 21. Rac1 {[%clk 1:30:30]}
f6 {[%clk 1:30:30]} 22. Bh4 {[%clk 1:30:30]} Qd6 {[%clk 1:30:30]} 23. Bg3 {[%clk
1:30:30]} Ne5 {[%clk 1:30:30]} 24. Nh4 {[%clk 1:30:30]} Qe6 {[%clk 1:30:30]} 25.
Bxe5 {[%clk 1:30:30]} Qxe5 {[%clk 1:30:30]} 26. Nf5 {[%clk 1:30:30]} g6 {[%clk
1:30:30]} 27. Qg4 {[%clk 1:30:30]} Kh8 {[%clk 1:30:30]} 28. Ng3 {[%clk 1:30:30]}
Rcd8 {[%clk 1:30:30]} 29. Rc2 {[%clk 1:30:30]} Bc6 {[%clk 1:30:30]} 30. Ra1
{[%clk 1:30:30]} Bd7 {[%clk 1:30:30]} 31. Qe2 {[%clk 1:30:30]} Kg7 {[%clk
1:30:30]} 32. Rcc1 {[%clk 1:30:30]} Be6 {[%clk 1:30:30]} 33. Rf1 {[%clk 1:30:30]}
Bb3 {[%clk 1:30:30]} 34. Qf3 {[%clk 1:30:30]} Qe8 {[%clk 1:30:30]} 35. Bb5 {[%clk
1:30:30]} Qe7 {[%clk 1:30:30]} 36. Bd3 {[%clk 1:30:30]} 1/2-1/2

[Event "Campeonato España Sub 12"]
[Site "Salobreña"]
[Date "2017.07.14"]
[Round "7"]
[White "Bagur Bosch, Maria"]
[Black "Taltavull Hidalgo, Artur"]
[Result "1-0"]
[Board "23"]
[WhiteElo "1498"]
[WhiteCountry "ESP"]
[WhiteFideId "24554022"]
[WhiteEloChange "13"]
[BlackElo "1607"]
[BlackCountry "ESP"]
[BlackFideId "24569968"]
[BlackEloChange "-13"]

1. e4 {[%clk 1:30:30]} c5 {[%clk 1:30:30]} 2. Nf3 {[%clk 1:30:30]} d6 {[%clk
1:30:30]} 3. d4 {[%clk 1:30:30]} cxd4 {[%clk 1:30:30]} 4. Nxd4 {[%clk 1:30:30]}
Nf6 {[%clk 1:30:30]} 5. Nc3 {[%clk 1:30:30]} g6 {[%clk 1:30:30]} 6. Be3 {[%clk
1:30:30]} Bg7 {[%clk 1:30:30]} 7. f3 {[%clk 1:30:30]} O-O {[%clk 1:30:30]} 8. Qd2
{[%clk 1:30:30]} Nc6 {[%clk 1:30:30]} 9. g4 {[%clk 1:30:30]} Bd7 {[%clk 1:30:30]}
10. h4 {[%clk 1:30:30]} h5 {[%clk 1:30:30]} 11. gxh5 {[%clk 1:30:30]} Nxh5 {[%clk
1:30:30]} 12. Rg1 {[%clk 1:30:30]} Ne5 {[%clk 1:30:30]} 13. O-O-O {[%clk
1:30:30]} a6 {[%clk 1:30:30]} 14. Be2 {[%clk 1:30:30]} Nc6 {[%clk 1:30:30]} 15.
f4 {[%clk 1:30:30]} Nxf4 {[%clk 1:30:30]} 16. h5 {[%clk 1:30:30]} Qe8 {[%clk
1:30:30]} 17. hxg6 {[%clk 1:30:30]} fxg6 {[%clk 1:30:30]} 18. Bc4+ {[%clk
1:30:30]} d5 {[%clk 1:30:30]} 19. Bxd5+ {[%clk 1:30:30]} Nxd5 {[%clk 1:30:30]}
20. Nxd5 {[%clk 1:30:30]} Rc8 {[%clk 1:30:30]} 21. Nxc6 {[%clk 1:30:30]} Bxc6
{[%clk 1:30:30]} 22. Rxg6 {[%clk 1:30:30]} e6 {[%clk 1:30:30]} 23. Rxg7+ {[%clk
1:30:30]} Kxg7 {[%clk 1:30:30]} 24. Rg1+ {[%clk 1:30:30]} Qg6 {[%clk 1:30:30]}
25. Rxg6+ {[%clk 1:30:30]} Kxg6 {[%clk 1:30:30]} 26. Qg2+ {[%clk 1:30:30]} Kh7
{[%clk 1:30:30]} 27. Ne7 {[%clk 1:30:30]} 1-0

[Event "Campeonato España Sub 12"]
[Site "Salobreña"]
[Date "2017.07.14"]
[Round "7"]
[White "Conde Riveiro, Xacobe"]
[Black "Roca Planas, Edgar"]
[Result "0-1"]
[Board "24"]
[WhiteElo "1451"]
[WhiteCountry "ESP"]
[WhiteFideId "24545147"]
[WhiteEloChange "-6"]
[BlackElo "1578"]
[BlackCountry "ESP"]
[BlackFideId "24561290"]
[BlackEloChange "6"]

1. e4 {[%clk 1:30:30]} c6 {[%clk 1:30:30]} 2. d4 {[%clk 1:30:30]} g6 {[%clk
1:30:30]} 3. f4 {[%clk 1:30:30]} d5 {[%clk 1:30:30]} 4. Nc3 {[%clk 1:30:30]} dxe4
{[%clk 1:30:30]} 5. Nxe4 {[%clk 1:30:30]} Bg7 {[%clk 1:30:30]} 6. Nf3 {[%clk
1:30:30]} Bg4 {[%clk 1:30:30]} 7. c3 {[%clk 1:30:30]} Nd7 {[%clk 1:30:30]} 8. Bc4
{[%clk 1:30:30]} Ngf6 {[%clk 1:30:30]} 9. Neg5 {[%clk 1:30:30]} O-O {[%clk
1:30:30]} 10. Qb3 {[%clk 1:30:30]} e6 {[%clk 1:30:30]} 11. h3 {[%clk 1:30:30]}
Bxf3 {[%clk 1:30:30]} 12. gxf3 {[%clk 1:30:30]} Nb6 {[%clk 1:30:30]} 13. Bd3
{[%clk 1:30:30]} c5 {[%clk 1:30:30]} 14. Ne4 {[%clk 1:30:30]} cxd4 {[%clk
1:30:30]} 15. Ke2 {[%clk 1:30:30]} dxc3 {[%clk 1:30:30]} 16. bxc3 {[%clk
1:30:30]} Qc7 {[%clk 1:30:30]} 17. Nxf6+ {[%clk 1:30:30]} Bxf6 {[%clk 1:30:30]}
18. Bd2 {[%clk 1:30:30]} Nd5 {[%clk 1:30:30]} 19. f5 {[%clk 1:30:30]} Qe5+ {[%clk
1:30:30]} 20. Kf2 {[%clk 1:30:30]} Bh4+ {[%clk 1:30:30]} 21. Kf1 {[%clk 1:30:30]}
Ne3+ {[%clk 1:30:30]} 22. Bxe3 {[%clk 1:30:30]} Qxe3 {[%clk 1:30:30]} 23. Qc2
{[%clk 1:30:30]} Qxf3+ {[%clk 1:30:30]} 24. Kg1 {[%clk 1:30:30]} Rad8 {[%clk
1:30:30]} 25. Rd1 {[%clk 1:30:30]} exf5 {[%clk 1:30:30]} 26. Rh2 {[%clk 1:30:30]}
Rfe8 {[%clk 1:30:30]} 27. Rhd2 {[%clk 1:30:30]} Re3 {[%clk 1:30:30]} 28. Rf1
{[%clk 1:30:30]} Qxh3 {[%clk 1:30:30]} 29. Qb3 {[%clk 1:30:30]} 0-1

[Event "Campeonato España Sub 12"]
[Site "Salobreña"]
[Date "2017.07.14"]
[Round "7"]
[White "Cesar Maestre, Bernardo"]
[Black "Casares Bonals, Asier"]
[Result "0-1"]
[Board "25"]
[WhiteElo "1626"]
[WhiteCountry "ESP"]
[WhiteFideId "24542547"]
[WhiteEloChange "-15"]
[BlackElo "1441"]
[BlackCountry "ESP"]
[BlackFideId "24561312"]
[BlackEloChange "15"]

1. d4 {[%clk 1:30:30]} Nf6 {[%clk 1:30:30]} 2. c4 {[%clk 1:30:30]} g6 {[%clk
1:30:30]} 3. Nc3 {[%clk 1:30:30]} d5 {[%clk 1:30:30]} 4. cxd5 {[%clk 1:30:30]}
Nxd5 {[%clk 1:30:30]} 5. e4 {[%clk 1:30:30]} Nxc3 {[%clk 1:30:30]} 6. bxc3 {[%clk
1:30:30]} Bg7 {[%clk 1:30:30]} 7. Bc4 {[%clk 1:30:30]} O-O {[%clk 1:30:30]} 8.
Ne2 {[%clk 1:30:30]} c5 {[%clk 1:30:30]} 9. O-O {[%clk 1:30:30]} cxd4 {[%clk
1:30:30]} 10. cxd4 {[%clk 1:30:30]} Nc6 {[%clk 1:30:30]} 11. Be3 {[%clk 1:30:30]}
b6 {[%clk 1:30:30]} 12. Rc1 {[%clk 1:30:30]} Bb7 {[%clk 1:30:30]} 13. f3 {[%clk
1:30:30]} Rc8 {[%clk 1:30:30]} 14. Qd3 {[%clk 1:30:30]} Qd7 {[%clk 1:30:30]} 15.
Rfd1 {[%clk 1:30:30]} e6 {[%clk 1:30:30]} 16. a3 {[%clk 1:30:30]} Rfd8 {[%clk
1:30:30]} 17. Qd2 {[%clk 1:30:30]} Na5 {[%clk 1:30:30]} 18. Ba2 {[%clk 1:30:30]}
Ba6 {[%clk 1:30:30]} 19. d5 {[%clk 1:30:30]} exd5 {[%clk 1:30:30]} 20. Bxd5
{[%clk 1:30:30]} Rxc1 {[%clk 1:30:30]} 21. Nxc1 {[%clk 1:30:30]} Rc8 {[%clk
1:30:30]} 22. Bh6 {[%clk 1:30:30]} Bc3 {[%clk 1:30:30]} 23. Bxf7+ {[%clk
1:30:30]} Qxf7 {[%clk 1:30:30]} 24. Qd8+ {[%clk 1:30:30]} Qe8 {[%clk 1:30:30]}
25. Qd5+ {[%clk 1:30:30]} Kh8 {[%clk 1:30:30]} 26. Qg5 {[%clk 1:30:30]} Bc4
{[%clk 1:30:30]} 27. Qe3 {[%clk 1:30:30]} Bf6 {[%clk 1:30:30]} 28. f4 {[%clk
1:30:30]} Rd8 {[%clk 1:30:30]} 29. Rxd8 {[%clk 1:30:30]} Qxd8 {[%clk 1:30:30]}
30. e5 {[%clk 1:30:30]} Qd1+ {[%clk 1:30:30]} 31. Kf2 {[%clk 1:30:30]} Qc2+
{[%clk 1:30:30]} 32. Kg3 {[%clk 1:30:30]} Be7 {[%clk 1:30:30]} 33. e6 {[%clk
1:30:30]} Qf5 {[%clk 1:30:30]} 34. Qd4+ {[%clk 1:30:30]} Qf6 {[%clk 1:30:30]} 35.
Qd7 {[%clk 1:30:30]} Bxe6 {[%clk 1:30:30]} 36. Qe8+ {[%clk 1:30:30]} Bg8 {[%clk
1:30:30]} 37. Nd3 {[%clk 1:30:30]} Qf7 {[%clk 1:30:30]} 38. Qb5 {[%clk 1:30:30]}
Qf5 {[%clk 1:30:30]} 39. Ne5 {[%clk 1:30:30]} Bf6 {[%clk 1:30:30]} 40. Qe8 {[%clk
1:30:30]} Bxe5 {[%clk 1:30:30]} 41. fxe5 {[%clk 1:30:30]} Qf7 {[%clk 1:30:30]}
42. Qd8 {[%clk 1:30:30]} Qb3+ {[%clk 1:30:30]} 43. Kh4 {[%clk 1:30:30]} Qf7
{[%clk 1:30:30]} 44. Kg3 {[%clk 1:30:30]} Nc6 {[%clk 1:30:30]} 45. Qd6 {[%clk
1:30:30]} Ne7 {[%clk 1:30:30]} 46. Kh3 {[%clk 1:30:30]} Nf5 {[%clk 1:30:30]} 47.
Qf8 {[%clk 1:30:30]} Qxf8 {[%clk 1:30:30]} 48. Bxf8 {[%clk 1:30:30]} Be6 {[%clk
1:30:30]} 49. g4 {[%clk 1:30:30]} Ne3 {[%clk 1:30:30]} 50. Kg3 {[%clk 1:30:30]}
Kg8 {[%clk 1:30:30]} 51. Bb4 {[%clk 1:30:30]} Nxg4 {[%clk 1:30:30]} 52. Kf4
{[%clk 1:30:30]} Kf7 {[%clk 1:30:30]} 53. h3 {[%clk 1:30:30]} Nf2 {[%clk
1:30:30]} 54. Kg3 {[%clk 1:30:30]} Ne4+ {[%clk 1:30:30]} 55. Kf4 {[%clk 1:30:30]}
Nc5 {[%clk 1:30:30]} 56. Ke3 {[%clk 1:30:30]} Bxh3 {[%clk 1:30:30]} 57. Kd4
{[%clk 1:30:30]} Be6 {[%clk 1:30:30]} 58. Bxc5 {[%clk 1:30:30]} bxc5+ {[%clk
1:30:30]} 59. Kxc5 {[%clk 1:30:30]} h5 {[%clk 1:30:30]} 60. Kc6 {[%clk 1:30:30]}
h4 {[%clk 1:30:30]} 61. Kb7 {[%clk 1:30:30]} h3 {[%clk 1:30:30]} 62. Kxa7 {[%clk
1:30:30]} h2 {[%clk 1:30:30]} 63. Kb6 {[%clk 1:30:30]} h1Q {[%clk 1:30:30]} 64.
a4 {[%clk 1:30:30]} Qa8 {[%clk 1:30:30]} 65. a5 {[%clk 1:30:30]} Bd5 {[%clk
1:30:30]} 66. Kc5 {[%clk 1:30:30]} Qxa5+ {[%clk 1:30:30]} 67. Kd6 {[%clk
1:30:30]} Qb6+ {[%clk 1:30:30]} 68. Kxd5 {[%clk 1:30:30]} g5 {[%clk 1:30:30]} 69.
e6+ {[%clk 1:30:30]} Qxe6+ {[%clk 1:30:30]} 70. Kd4 {[%clk 1:30:30]} g4 {[%clk
1:30:30]} 71. Kd3 {[%clk 1:30:30]} g3 {[%clk 1:30:30]} 72. Kd4 {[%clk 1:30:30]}
g2 {[%clk 1:30:30]} 73. Kd3 {[%clk 1:30:30]} g1R {[%clk 1:30:30]} 74. Kd4 {[%clk
1:30:30]} Rd1+ {[%clk 1:30:30]} 75. Kc3 {[%clk 1:30:30]} Qc6+ {[%clk 1:30:30]}
76. Kb2 {[%clk 1:30:30]} Rd5 {[%clk 1:30:30]} 77. Kb3 {[%clk 1:30:30]} Rb5+
{[%clk 1:30:30]} 78. Ka4 {[%clk 1:30:30]} Qa6# {[%clk 1:30:30]} 0-1

[Event "Campeonato España Sub 12"]
[Site "Salobreña"]
[Date "2017.07.14"]
[Round "8"]
[White "Revaliente Montoya, Ciro"]
[Black "Reyes Penas, Sebastian"]
[Result "1/2-1/2"]
[Board "1"]
[WhiteClock "n/a"]
[WhiteElo "1992"]
[WhiteCountry "ESP"]
[WhiteFideId "24538442"]
[WhiteEloChange "-1"]
[BlackClock "n/a"]
[BlackElo "1940"]
[BlackCountry "ESP"]
[BlackFideId "32035780"]
[BlackEloChange "1"]

1. e4 {[%clk 1:30:30]} c5 {[%clk 1:30:30]} 2. Nf3 {[%clk 1:30:30]} e6 {[%clk
1:30:30]} 3. c3 {[%clk 1:30:30]} Nf6 {[%clk 1:30:30]} 4. e5 {[%clk 1:30:30]} Nd5
{[%clk 1:30:30]} 5. d4 {[%clk 1:30:30]} cxd4 {[%clk 1:30:30]} 6. cxd4 {[%clk
1:30:30]} d6 {[%clk 1:30:30]} 7. a3 {[%clk 1:30:30]} Nd7 {[%clk 1:30:30]} 8. Bd3
{[%clk 1:30:30]} Qc7 {[%clk 1:30:30]} 9. O-O {[%clk 1:30:30]} dxe5 {[%clk
1:30:30]} 10. dxe5 {[%clk 1:30:30]} a6 {[%clk 1:30:30]} 11. Re1 {[%clk 1:30:30]}
h6 {[%clk 1:30:30]} 12. Nbd2 {[%clk 1:30:30]} Be7 {[%clk 1:30:30]} 13. Nb3 {[%clk
1:30:30]} b6 {[%clk 1:30:30]} 14. Bd2 {[%clk 1:30:30]} Nc5 {[%clk 1:30:30]} 15.
Nxc5 {[%clk 1:30:30]} Bxc5 {[%clk 1:30:30]} 16. b4 {[%clk 1:30:30]} Be7 {[%clk
1:30:30]} 17. Rc1 {[%clk 1:30:30]} Qd7 {[%clk 1:30:30]} 18. Nd4 {[%clk 1:30:30]}
Bb7 {[%clk 1:30:30]} 19. Qg4 {[%clk 1:30:30]} g5 {[%clk 1:30:30]} 20. Red1 {[%clk
1:30:30]} h5 {[%clk 1:30:30]} 21. Qg3 {[%clk 1:30:30]} g4 {[%clk 1:30:30]} 22.
Be2 {[%clk 1:30:30]} Rc8 {[%clk 1:30:30]} 23. Rxc8+ {[%clk 1:30:30]} Qxc8 {[%clk
1:30:30]} 24. Rc1 {[%clk 1:30:30]} Qd7 {[%clk 1:30:30]} 25. Qd3 {[%clk 1:30:30]}
Nc7 {[%clk 1:30:30]} 26. Be3 {[%clk 1:30:30]} Nd5 {[%clk 1:30:30]} 27. Nb3 {[%clk
1:30:30]} Nxe3 {[%clk 1:30:30]} 28. Qxe3 {[%clk 1:30:30]} Qd5 {[%clk 1:30:30]}
29. f3 {[%clk 1:30:30]} Rg8 {[%clk 1:30:30]} 30. Rd1 {[%clk 1:30:30]} Qc6 {[%clk
1:30:30]} 31. Nd4 {[%clk 1:30:30]} Qc7 {[%clk 1:30:30]} 32. fxg4 {[%clk 1:30:30]}
Bg5 {[%clk 1:30:30]} 33. Qd3 {[%clk 1:30:30]} Qxe5 {[%clk 1:30:30]} 34. Nc2
{[%clk 1:30:30]} Qe4 {[%clk 1:30:30]} 35. Qd7+ {[%clk 1:30:30]} Kf8 {[%clk
1:30:30]} 36. Bf3 {[%clk 1:30:30]} Qxc2 {[%clk 1:30:30]} 37. Qxb7 {[%clk
1:30:30]} hxg4 {[%clk 1:30:30]} 38. Qb8+ {[%clk 1:30:30]} Kg7 {[%clk 1:30:30]}
39. Qe5+ {[%clk 1:30:30]} Bf6 {[%clk 1:30:30]} 40. Qg3 {[%clk 1:30:30]} Kf8
{[%clk 1:30:30]} 41. Qb8+ {[%clk 1:30:30]} Kg7 {[%clk 1:30:30]} 42. Qg3 {[%clk
1:30:30]} Kf8 {[%clk 1:30:30]} 43. Qb8+ {[%clk 1:30:30]} Kg7 {[%clk 1:30:30]} 44.
Qg3 {[%clk 1:30:30]} Kh7 {[%clk 1:30:30]} 45. Bxg4 {[%clk 1:30:30]} Qxd1+ {[%clk
1:30:30]} 46. Bxd1 {[%clk 1:30:30]} Rxg3 {[%clk 1:30:30]} 47. hxg3 {[%clk
1:30:30]} Bb2 {[%clk 1:30:30]} 48. a4 {[%clk 1:30:30]} Bc3 {[%clk 1:30:30]} 49.
Be2 {[%clk 1:30:30]} Bxb4 {[%clk 1:30:30]} 50. Bxa6 {[%clk 1:30:30]} 1/2-1/2

[Event "Campeonato España Sub 12"]
[Site "Salobreña"]
[Date "2017.07.14"]
[Round "8"]
[White "Garrido Outon, Alex"]
[Black "Fernandez Lopez, Ruben"]
[Result "0-1"]
[Board "2"]
[WhiteClock "1:30"]
[WhiteElo "2074"]
[WhiteCountry "ESP"]
[WhiteFideId "24516279"]
[WhiteEloChange "-13"]
[BlackClock "1:30"]
[BlackElo "1982"]
[BlackCountry "ESP"]
[BlackFideId "24518298"]
[BlackEloChange "13"]

1. e4 {[%clk 1:30:00]} c5 {[%clk 1:30:00]} 2. Ne2 {[%clk 1:30:00]} d6 {[%clk
1:31:00]} 3. g3 {[%clk 1:29:00]} Nf6 {[%clk 1:31:00]} 4. Bg2 {[%clk 1:30:00]} a6
{[%clk 1:29:00]} 5. c3 {[%clk 1:27:00]} g6 {[%clk 1:26:00]} 6. d4 {[%clk
1:25:00]} cxd4 {[%clk 1:26:00]} 7. cxd4 {[%clk 1:26:00]} Bg7 {[%clk 1:26:00]} 8.
O-O {[%clk 1:25:00]} O-O {[%clk 1:26:00]} 9. Nbc3 {[%clk 1:24:00]} Ne8 {[%clk
1:14:00]} 10. Nf4 {[%clk 1:12:00]} Nc7 {[%clk 1:10:00]} 11. Be3 {[%clk 1:08:00]}
Ne6 {[%clk 0:58:00]} 12. Rc1 {[%clk 0:59:00]} Nxf4 {[%clk 0:49:00]} 13. gxf4
{[%clk 0:53:00]} Nd7 {[%clk 0:41:00]} 14. Qb3 {[%clk 0:41:00]} b5 {[%clk
0:34:00]} 15. e5 {[%clk 0:33:00]} Rb8 {[%clk 0:33:00]} 16. Nd5 {[%clk 0:32:00]}
Nb6 {[%clk 0:29:00]} 17. Nb4 {[%clk 0:30:00]} Bb7 {[%clk 0:25:00]} 18. Bxb7
{[%clk 0:27:00]} Rxb7 {[%clk 0:25:00]} 19. Nxa6 {[%clk 0:27:00]} Qd7 {[%clk
0:25:00]} 20. f3 {[%clk 0:25:00]} Nc4 {[%clk 0:22:00]} 21. Nb4 {[%clk 0:17:32]}
Bh6 {[%clk 0:22:00]} 22. Rf2 {[%clk 0:14:31]} dxe5 {[%clk 0:21:00]} 23. dxe5
{[%clk 0:13:38]} Nxe3 {[%clk 0:22:00]} 24. Qxe3 {[%clk 0:13:50]} Qf5 {[%clk
0:20:00]} 25. Nd5 {[%clk 0:11:55]} e6 {[%clk 0:19:49]} 26. Nf6+ {[%clk 0:11:11]}
Kh8 {[%clk 0:19:39]} 27. Qe4 {[%clk 0:10:58]} Qxf4 {[%clk 0:18:46]} 28. Qxb7
{[%clk 0:08:45]} Qxc1+ {[%clk 0:19:09]} 29. Kg2 {[%clk 0:07:38]} Qg5+ {[%clk
0:19:24]} 30. Ng4 {[%clk 0:06:57]} Bg7 {[%clk 0:19:37]} 31. h3 {[%clk 0:06:18]}
h5 {[%clk 0:17:12]} 32. f4 {[%clk 0:06:43]} Qh4 {[%clk 0:16:11]} 33. Ne3 {[%clk
0:04:45]} g5 {[%clk 0:15:42]} 34. Qe7 {[%clk 0:04:15]} Rg8 {[%clk 0:14:56]} 35.
Rf3 {[%clk 0:01:01]} Qe1 {[%clk 0:13:35]} 36. Qxf7 {[%clk 0:00:47]} Qh4 {[%clk
0:10:50]} 37. Qxe6 {[%clk 0:00:44]} gxf4 {[%clk 0:10:33]} 38. Nf5 {[%clk
0:00:48]} Qg5+ {[%clk 0:10:49]} 39. Kh2 {[%clk 0:00:37]} Kh7 {[%clk 0:09:47]} 40.
Qd7 {[%clk 0:00:32]} Kh8 {[%clk 0:09:37]} 41. Qe6 {[%clk 0:00:48]} Kh7 {[%clk
0:09:55]} 42. Qf7 {[%clk 0:00:39]} Kh8 {[%clk 0:10:09]} 43. Ne7 {[%clk 0:00:34]}
Rd8 {[%clk 0:10:08]} 44. Nd5 {[%clk 0:00:32]} Qxe5 {[%clk 0:10:26]} 45. Nxf4
{[%clk 0:00:33]} Rd2+ {[%clk 0:10:49]} 46. Kg1 {[%clk 0:00:30]} Qe1+ {[%clk
0:11:15]} 47. Rf1 {[%clk 0:00:55]} Qg3+ {[%clk 0:11:15]} 0-1

[Event "Campeonato España Sub 12"]
[Site "Salobreña"]
[Date "2017.07.14"]
[Round "8"]
[White "Castro Quijano, Eduardo"]
[Black "Zhou, Lulu"]
[Result "1/2-1/2"]
[Board "3"]
[WhiteClock "1:30"]
[WhiteElo "1650"]
[WhiteCountry "ESP"]
[WhiteFideId "24507407"]
[WhiteEloChange "7"]
[BlackClock "1:30"]
[BlackElo "1964"]
[BlackCountry "ESP"]
[BlackFideId "24540943"]
[BlackEloChange "-7"]

1. e4 {[%clk 1:30:00]} e5 {[%clk 1:30:00]} 2. Nf3 {[%clk 1:31:00]} Nc6 {[%clk
1:31:00]} 3. d4 {[%clk 1:31:00]} exd4 {[%clk 1:31:00]} 4. Nxd4 {[%clk 1:31:00]}
Bc5 {[%clk 1:32:00]} 5. Be3 {[%clk 1:32:00]} Qf6 {[%clk 1:32:00]} 6. c3 {[%clk
1:32:00]} Nge7 {[%clk 1:32:00]} 7. Bc4 {[%clk 1:32:00]} Ne5 {[%clk 1:32:00]} 8.
Be2 {[%clk 1:32:00]} d6 {[%clk 1:32:00]} 9. O-O {[%clk 1:31:00]} Qg6 {[%clk
1:30:00]} 10. Kh1 {[%clk 1:31:00]} Qxe4 {[%clk 1:26:00]} 11. Nd2 {[%clk 1:31:00]}
Qg6 {[%clk 1:25:00]} 12. Nb5 {[%clk 1:31:00]} O-O {[%clk 1:25:00]} 13. Nxc7
{[%clk 1:31:00]} Rb8 {[%clk 1:24:00]} 14. Nc4 {[%clk 1:27:00]} Nxc4 {[%clk
1:18:00]} 15. Bxc4 {[%clk 1:27:00]} Nf5 {[%clk 1:14:00]} 16. Nd5 {[%clk 1:27:00]}
Re8 {[%clk 1:06:00]} 17. Qf3 {[%clk 1:24:00]} Nh4 {[%clk 1:02:00]} 18. Qg3 {[%clk
1:23:00]} Qxg3 {[%clk 0:57:00]} 19. hxg3 {[%clk 1:22:00]} Nf5 {[%clk 0:54:00]}
20. Bf4 {[%clk 1:19:00]} b5 {[%clk 0:36:00]} 21. Bd3 {[%clk 1:14:00]} a6 {[%clk
0:30:00]} 22. Rae1 {[%clk 1:12:00]} Rxe1 {[%clk 0:29:00]} 23. Rxe1 {[%clk
1:12:00]} Be6 {[%clk 0:30:00]} 24. Bxf5 {[%clk 1:07:00]} Bxd5 {[%clk 0:30:00]}
25. f3 {[%clk 1:07:00]} g6 {[%clk 0:29:00]} 26. Bc2 {[%clk 1:06:00]} b4 {[%clk
0:28:00]} 27. b3 {[%clk 1:03:00]} Be6 {[%clk 0:26:00]} 28. c4 {[%clk 0:59:00]} a5
{[%clk 0:26:00]} 29. Re2 {[%clk 0:57:00]} a4 {[%clk 0:25:00]} 30. Be4 {[%clk
0:56:00]} Rb6 {[%clk 0:24:00]} 31. Be3 {[%clk 0:52:00]} axb3 {[%clk 0:21:00]} 32.
axb3 {[%clk 0:52:00]} Ra6 {[%clk 0:21:00]} 33. Bxc5 {[%clk 0:50:00]} dxc5 {[%clk
0:21:00]} 34. Rd2 {[%clk 0:48:00]} Ra3 {[%clk 0:22:00]} 35. Rd3 {[%clk 0:48:00]}
Kg7 {[%clk 0:15:04]} 36. Kh2 {[%clk 0:47:00]} Kh6 {[%clk 0:12:41]} 37. g4 {[%clk
0:46:00]} g5 {[%clk 0:12:41]} 1/2-1/2